000
00278nam a22001217a 4500
008
170718b xxu||||| |||| 00| 0 eng d
041
_a
eng
080
_a
2
100
_a
24
101
_a
TEO
245
_a
THE PROPHETS PIONEERS TO CHRISTIANITY
_c
WILLIAMS, W.G
942
_2
udc
_c
BK
999
_c
21470
_d
21470